| 000 | 01740nam a2200421Ii 4500 | ||
|---|---|---|---|
| 001 | DIGLOM03018 | ||
| 003 | NyNyDIG | ||
| 006 | m o d | ||
| 007 | cr ||||||||||| | ||
| 008 | 120210s2010 cl a ob 000 0 spa d | ||
| 020 | _z9789560001627 | ||
| 020 | _z9560001620 | ||
| 035 | _a(OCoLC)888270321 | ||
| 040 |
_aDGITA _beng _epn _cDGITA |
||
| 043 |
_acl----- _as-bo--- |
||
| 050 | 1 | 4 | _aF1414.3 eBook |
| 100 | 1 | _aMitre, Antonio. | |
| 245 | 1 | 0 |
_aNosotros que nos queremos tanto : _bEstado, modernización y separatismo : una interpretación del proceso boliviano / _cAntonio Mitre. |
| 264 | 1 |
_aSantiago de Chile, Chile : _bLOM Ediciones, _c2010. |
|
| 300 |
_a1 online resource (140 pages) : _bill. |
||
| 336 |
_atext _btxt _2rdacontent |
||
| 337 |
_acomputer _bc _2rdamedia |
||
| 338 |
_aonline resource _bcr _2rdacarrier |
||
| 490 | 1 | _aBolsillo | |
| 500 | _aAmplified version of papers presented at Instituto Fernando Henrique Cardoso on Oct. 23, 2006 and the Seminario "Coesão Social em Democracia na América Latina" held May 2007 in São Paulo | ||
| 504 | _aIncludes bibliographical references (p. 127-140). | ||
| 651 | 0 |
_aEl Alto (Bolivia) _xPolitics and government _y21st century. |
|
| 651 | 0 |
_aSanta Cruz (Bolivia) _xPolitics and government _y21st century. |
|
| 651 | 0 |
_aBolivia _xRace relations _xPolitical aspects. |
|
| 651 | 0 |
_aLatin America _xPolitics and government _y21st century. |
|
| 655 | 0 | _aElectronic books. | |
| 791 | 2 |
_aDigitalia (Firm), _edistributor. |
|
| 830 | 0 | _aBolsillo (Santiago, Chile) | |
| 793 | 0 |
_gDigitalia eBook Collection: _aLOM Ediciones |
|
| 856 | 4 | 0 |
_3Digitalia Hispánica _uhttps://www.digitaliapublishing.com/a/13168/ |
| 910 | _aPremium Collection: 2007-2012 | ||
| 942 | _cRAA | ||
| 999 |
_c232903 _d232903 |
||